| 000 | 00460cam a2200181ua 4500 | ||
|---|---|---|---|
| 020 | _c195.00 | ||
| 041 |
_aeng _h |
||
| 082 |
_a028.7366 _bHAW/CO |
||
| 100 | _aHawley, Gessner G . | ||
| 245 |
_aCondensed chemical dictionary / _cGessner G Hawley. _hTextual Documents |
||
| 250 |
_a10 / _b. |
||
| 260 |
_aNewdelhi : _bGalgolia book house , _c1984. |
||
| 300 | _a1135 ; . | ||
| 365 | _a195.00 | ||
| 504 | _a | ||
| 942 | _cBK | ||
| 999 |
_c10001 _d10001 |
||